|
|
|
|
| LEADER |
00000cam a2200000 7i4500 |
| 001 |
0000154596 |
| 005 |
20110802.0 |
| 020 |
|
|
|a 9789833316885
|
| 090 |
0 |
0 |
|a F
|b MIM
|
| 100 |
0 |
|
|a Mimie Afinie
|
| 245 |
1 |
0 |
|a Bila dah suka
|c Mimie Afinie
|
| 260 |
|
|
|a Puchong :
|b KarnaDya Solutions Sdn. Bhd. ,
|c 2011
|
| 300 |
|
|
|a 537p. ;
|c 18.5cm.
|
| 650 |
0 |
0 |
|a Malay fiction
|
| 999 |
|
|
|a 00249054
|b BUKU
|c PINJAMAN
|e PERPUSTAKAAN KOMUNITI PETALING JAYA
|
| 999 |
|
|
|a 00249055
|b BUKU
|c PINJAMAN
|e PERPUSTAKAAN KOMUNITI PETALING JAYA
|
| 999 |
|
|
|a 00279685
|b BUKU
|c PINJAMAN
|e PERPUSTAKAAN KOMUNITI CAW TAMAN MEDAN
|